000 00474nam a2200169Ia 4500
003 GCL
008 140319s9999 xx 000 0 ara d
040 _aGCL /
_cGCL
082 0 4 _aط
_b813.087
_bن ا
100 1 _aمجيد ياسين
245 1 0 _aاطفال القطار /
_cمجيد ياسين
700 1 _aنسبيت , اى
490 _aروايات عالمية للفتيان
_v0
650 0 4 _aالاطفال
650 0 4 _aقصص الاطفال
942 _2ddc
_cBK
999 _c44372
_d44372